000 004620000a22001810004500
003 MACL
005 20160119174327.0
008 160119b xxu||||| |||| 00| 0 eng d
040 _aMACL
_cMACL
041 _aEnglish
082 _a05.43/STA
100 _aStallings, William
_933385
245 _aOperating systems
260 _bPrentice Hall of India
_c2001
_aNew Delhi
350 _a250
650 _aComputer probraming
_933182
942 _cBK
_k005.43/Sta
_2ddc
999 _c31616
_d31616